| 000 | 004300000a22001690004500 | ||
|---|---|---|---|
| 003 | MACL | ||
| 005 | 20160105140454.0 | ||
| 008 | 160105b xxu||||| |||| 00| 0 eng d | ||
| 040 |
_aMACL _cMACL |
||
| 041 | _aEnglish | ||
| 082 | _a823/WAT | ||
| 100 |
_aWatson, H B Marriott _928056 |
||
| 245 | _aChloris of The Island | ||
| 260 |
_bHarper & Brothers Publishers _c1901 _aLondon |
||
| 650 |
_aNovel _9153 |
||
| 942 |
_cBK _k823/WAT _2ddc |
||
| 999 |
_c38330 _d38330 |
||